Business process transformation

Saved in:
Bibliographic Details
Main Authors: Grover, Varun (Author), Markus, M. Lynne (Author)
Format: Book
Language:English
Published: Armonk M. E. Sharpe 2008
Series:Advances Management Information Systems, 9
Subjects:
Tags: Add Tag
No Tags, Be the first to tag this record!

MARC

LEADER 00000nam a2200000 a 4500
001 UCH9475
003 CL-VaPUC
008 100107e20080000us |||||||||||||||||eng|d
020 |a 9780765611918 
082 0 4 |a 658.406320  |b GRO  |2 21 
100 0 |a Grover, Varun  |e author  |9 546610 
700 0 |a Markus, M. Lynne  |e author  |9 546611 
245 1 0 |a Business process transformation 
300 |a 349 p 
942 |c BK 
945 |d 20100107 00:00:00  |a dcastane 
260 |a Armonk  |b M. E. Sharpe  |c 2008 
650 0 |a Cambio organizacional   |9 260741 
650 0 |a Administración de empresas   |9 260833 
650 0 |a Planificación estratégica   |9 259735 
650 0 |a Reingeniería   |9 344366 
583 |a last modification  |c 20171218 12:55:09  |k Rodrigo Vera 
490 0 |a Advances Management Information Systems, 9 
999 |c 339443  |d 339441 
952 |0 0  |1 0  |4 0  |6 658_406320000000000_GRO_2008  |7 0  |8 A  |9 433100  |a BIBING  |b BIBING  |d 2019-11-22  |i 4633105  |o 658.406320 GRO 2008  |p 4633105  |r 2025-01-20  |w 2019-11-22  |y BK  |k EII